Оптическое излучение Смита-Парселла, генерируемое пучком электронов нерелятивистских энергий: автореферат диссертации на соискание ученой степени кандидата физико-математических наук; спец. 01.04.20

Manylion Llyfryddiaeth
Prif Awdur: Вуколов А. В. Артем Владимирович
Awdur Corfforaethol: Томский политехнический университет
Awduron Eraill: Потылицын А. П. Александр Петрович (научный руководитель)
Crynodeb:Защита сост. 20.04.2006 г.
Iaith:Rwseg
Cyhoeddwyd: Томск, [Б. и.], 2006
Pynciau:
Fformat: Llyfr
KOHA link:https://koha.lib.tpu.ru/cgi-bin/koha/opac-detail.pl?biblionumber=93640

MARC

LEADER 00000nam0a2200000 4500
001 93640
005 20240213100929.0
035 |a (RuTPU)RU\TPU\book\100252 
090 |a 93640 
100 |a 20060330d2006 k y0rusy50 ca 
101 0 |a rus 
102 |a RU 
105 |a a dm 001zy 
200 1 |a Оптическое излучение Смита-Парселла, генерируемое пучком электронов нерелятивистских энергий  |e автореферат диссертации на соискание ученой степени кандидата физико-математических наук  |e спец. 01.04.20  |f А. В. Вуколов  |g Томский политехнический университет; науч. рук. А. П. Потылицын 
210 |a Томск  |c [Б. и.]  |d 2006 
215 |a 22 с.  |c ил. 
300 |a Защита сост. 20.04.2006 г. 
320 |a Библиогр.: с. 20-22 (21 назв.). 
452 1 |0 (RuTPU)RU\TPU\book\101590  |t Оптическое излучение Смита-Парселла, генерируемое пучком электронов нерелятивистских энергий  |o автореферат диссертации на соискание ученой степени кандидата физико-математических наук  |f А. В. Вуколов  |g Томский политехнический университет; науч. рук. А. П. Потылицын  |c Томск  |n Б.и.  |d 2006  |a Вуколов, Артем Владимирович 
610 1 |a физика 
610 1 |a оптические излучения 
610 1 |a излучение Смита-Парселла 
610 1 |a теория Ван ден Берга 
610 1 |a пучки электронов 
610 1 |a электроны 
610 1 |a модель Кретчмара 
610 1 |a экспериментальные установки 
610 1 |a электронные микроскопы 
610 1 |a электронные пушки 
610 1 |a переходные излучения 
610 1 |a монохроматичность 
610 1 |a авторефераты диссертаций 
610 1 |a труды учёных ТПУ 
675 |a 539.124.18(04)  |v 3 
686 |a 01.04.20  |2 oksvnk 
700 1 |a Вуколов  |b А. В.  |c физик  |c научный сотрудник Томского политехнического университета, кандидат физико-математических наук  |f 1978-  |g Артем Владимирович  |9 12853 
702 1 |a Потылицын  |b А. П.  |c российский физик  |c профессор Томского политехнического университета  |f 1945-  |g Александр Петрович  |3 (RuTPU)RU\TPU\pers\15853  |4 727  |9 5531 
712 0 2 |a Томский политехнический университет  |3 (RuTPU)RU\TPU\col\376 
801 1 |a RU  |b 63413507  |c 20060330  |g PSBO 
801 2 |a RU  |b 63413507  |c 20100921  |g PSBO 
942 |c BK